College technical physics (Record no. 544211)

000 -LEADER
fixed length control field 00799cam a22001931 4500
082 ## - DEWEY DECIMAL CLASSIFICATION NUMBER
Classification number 5300.02462
Author Mark WEB
-- L-6, P-9
100 1# - MAIN ENTRY--PERSONAL NAME
Personal name Weber, Robert L.,
9 (RLIN) 39776
245 10 - TITLE STATEMENT
Title College technical physics
Statement of responsibility, etc. [by] Robert L. Weber, Marsh W. White [and] Kenneth V. Manning ...
250 ## - EDITION STATEMENT
Edition statement 1st ed.
260 ## - PUBLICATION, DISTRIBUTION, ETC.
Place of publication, distribution, etc. New York,
-- London,
Name of publisher, distributor, etc. McGraw-Hill Book Company, inc.,
Date of publication, distribution, etc. 1947.
300 ## - PHYSICAL DESCRIPTION
Extent viii p., 1 l., 761 p. incl. illus. (incl. ports.) charts, tables, diagrs. (part col.)
Other physical details double col. front.
Dimensions 24 cm.
500 ## - GENERAL NOTE
General note Some of the material has been adapted from the authors' earlier book, Practical physics. cf. Pref.
526 ## - STUDY PROGRAM INFORMATION NOTE
Program name 0
Interest level 0
Reading level 0
Title point value 5300_024620000000000_WEB
650 #0 - SUBJECT ADDED ENTRY--TOPICAL TERM
Topical term or geographic name entry element MCE
9 (RLIN) 379
650 #0 - SUBJECT ADDED ENTRY--TOPICAL TERM
Topical term or geographic name entry element Physics.
700 1# - ADDED ENTRY--PERSONAL NAME
Personal name Manning, Kenneth V.
9 (RLIN) 39777
700 1# - ADDED ENTRY--PERSONAL NAME
Personal name White, Marsh W.
9 (RLIN) 39778
942 ## - ADDED ENTRY ELEMENTS (KOHA)
Source of classification or shelving scheme
Koha item type Book
Holdings
Withdrawn status Lost status Source of classification or shelving scheme Damaged status Not for loan Permanent Location Current Location Date acquired Total Checkouts Full call number Barcode Date last seen Date last checked out Price effective from Koha item type
          Military College of Engineering (MCE) Military College of Engineering (MCE) 04/15/2014 1 5300.02462 WEB MCE-40745 08/31/2015 08/26/2015 04/15/2014 Book
© 2023 Central Library, National University of Sciences and Technology. All Rights Reserved.